000 00876nas a2200277Ia 4500
001 A06/R062-50503
003 IT-MiCISF
008 161014c99999999xx |||||||||||| ||und||
040 _aIT-MiCISF
_cIT-MiCISF
041 _aINGLESE
100 _aAgius Emmanuel
210 _aBio-Ethos
222 _aBio-Ethos
240 _aSafeguarding the Unconscious Patients Overall Benefit
245 0 _aSafeguarding the Unconscious Patients Overall Benefit
250 _a1a ed.
260 _c2011
501 _bCISF - Centro Internazionale Studi Famiglia - Via Giotto, 36 20145 MILANO (non commercial uses only)
_cCopyright 2016
300 _app. 39-52
362 _an. 11-12, gennaio-agosto [2011]
500 _a Tema: bioetica, diritti-del-malato, malato-terminale
650 _aBIOETICA
_varticolo
700 _aAA.VV.
942 _cCR
957 _71
999 _a50503
_bSi
_g1
_c228023
_d228023